书目信息 |
| 题名: |
人造奶油与起酥油的加工技术
|
|
| 作者: | 雕鸿荪 编著 | |
| 分册: | ||
| 出版信息: | 北京 中国食品出版社 1988.1 |
|
| 页数: | 144页 | |
| 开本: | 19cm | |
| 丛书名: | ||
| 单 册: | ||
| 中图分类: | TS225.6 | |
| 科图分类: | ||
| 主题词: | 人工合成--食用油 | |
| 电子资源: | ||
| ISBN: | 7-80044-095-8 | |
| 000 | 00893cam0 2200241 450 | |
| 001 | 0100241240 | |
| 005 | 20060620132035.0 | |
| 010 | @a7-80044-095-8@dCNY1.00 | |
| 011 | @a7-80044-095-8 | |
| 100 | @a19910415d1988 km y0chiy0110 ea | |
| 101 | 0 | @achi |
| 102 | @aCN@b110000 | |
| 105 | @ay z 000yy | |
| 106 | @ar | |
| 200 | 1 | @a人造奶油与起酥油的加工技术@9Ren Zao Nai You Yu Qi Su You De;Di Jia Gong Ji Shu;Zhu @f雕鸿荪编著@b专著 |
| 210 | @a北京@c中国食品出版社@d1988.1 | |
| 215 | @a144页@d19cm | |
| 330 | @a本书详细地介绍了人造奶油和起酥油的成分、特性、种类、风味特点、营养价值、制造工艺和实际应用的方法。书中着重于生产过程中的基本技术环节,对油脂深加工的条件和油脂配合的方法作了适当的原理分析和实例解释。 | |
| 606 | 0 | @a人工合成@x食用油 |
| 690 | @aTS225.6@v1980 | |
| 701 | 0 | @a雕鸿荪@9diao hong sun@4编著 |
| 801 | 0 | @aCN@bAiZhiMarc@c19910415 |
| 905 | @aBZT@dTS225.6@e1@f1@sTS225.6/1 | |
| 人造奶油与起酥油的加工技术/雕鸿荪编著.-北京:中国食品出版社,1988.1 |
| 144页;19cm |
| ISBN 7-80044-095-8:CNY1.00 |
| 本书详细地介绍了人造奶油和起酥油的成分、特性、种类、风味特点、营养价值、制造工艺和实际应用的方法。书中着重于生产过程中的基本技术环节,对油脂深加工的条件和油脂配合的方法作了适当的原理分析和实例解释。 |
| ● |
| 相关链接 |
|
|
|
正题名:人造奶油与起酥油的加工技术
索取号:TS225.6/1
 
预约/预借
| 序号 | 登录号 | 条形码 | 馆藏地/架位号 | 状态 | 备注 |
| 1 | 2000151696 | 2000151696 | 旧书回溯/ [索取号:TS225.6/1] | 在馆 |